[Event "Hastings Premier 1987/88 63rd"]
[Site "Hastings"]
[Date "1987.12.30"]
[Round "2"]
[White "Psakhis, Lev"]
[Black "Larsen, Bent"]
[Result "1/2-1/2"]
[WhiteElo "2575"]
[BlackElo "2570"]
[PlyCount "53"]
[EventDate "1987.12.29"]
[EventType "tourn"]
[EventRounds "14"]
[EventCountry "ENG"]
[EventCategory "13"]
[SourceTitle "BritBase"]
[Source "John Saunders"]
[SourceDate "2024.12.03"]
[SourceVersion "1"]
[SourceVersionDate "2024.12.03"]
[SourceQuality "1"]

1. d4 Nf6 2. c4 e6 3. Nf3 b6 4. g3 Bb7 5. Bg2 Bb4+ 6. Bd2 Bxd2+ 7. Qxd2 O-O 8. Nc3 d6 9. Qc2 c5 10. d5 exd5 11. Ng5 Na6 12. cxd5 Re8 13. O-O h6 14. Nh3 b5 15. Nxb5 Nb4 16. Qd2 Bxd5 17. Bxd5 Nbxd5 18. Nc3 Nxc3 19. bxc3 Qa5 20. Qd3 d5 21. Nf4 Rad8 22. Rfd1 d4 23. cxd4 cxd4 24. Qf3 Ne4 25. Kg2 Qf5 26. Rac1 Nc3 27. Rd2 1/2-1/2

[Event "Hastings Premier 1987/88 63rd"]
[Site "Hastings"]
[Date "1987.12.31"]
[Round "3"]
[White "Short, Nigel D"]
[Black "Psakhis, Lev"]
[Result "1/2-1/2"]
[WhiteElo "2620"]
[BlackElo "2575"]
[PlyCount "105"]
[EventDate "1987.12.29"]
[EventType "tourn"]
[EventRounds "14"]
[EventCountry "ENG"]
[EventCategory "13"]
[SourceTitle "BritBase"]
[Source "John Saunders"]
[SourceDate "2024.12.03"]
[SourceVersion "1"]
[SourceVersionDate "2024.12.03"]
[SourceQuality "1"]

1. e4 e5 2. Nf3 Nc6 3. Bb5 a6 4. Ba4 Nf6 5. O-O Be7 6. Re1 b5 7. Bb3 O-O 8. c3 d6 9. h3 Re8 10. d4 Bb7 11. a4 h6 12. Nbd2 Bf8 13. d5 Nb8 14. Nf1 Nbd7 15. Ng3 c6 16. dxc6 Bxc6 17. Be3 Nc5 18. Bxc5 dxc5 19. Qxd8 Raxd8 20. axb5 axb5 21. Ra6 Bd7 22. c4 Be6 23. Rxe6 Rxe6 24. cxb5 Ree8 25. Ra1 c4 26. Bxc4 Bc5 27. Kf1 g6 28. Ke2 Kg7 29. Ra6 Rb8 30. Rc6 Bb6 31. b3 Re7 32. Ne1 Ra7 33. b4 Nd7 34. Nc2 Bd8 35. Nf1 Nb6 36. Bd3 Na4 37. Kf3 Rc7 38. Nfe3 Nc3 39. Nd5 Nxd5 40. exd5 f5 41. Bc4 Rd7 42. g4 fxg4+ 43. hxg4 Rf7+ 44. Ke2 h5 45. Bd3 Rb6 46. Ne3 hxg4 47. Nxg4 e4 48. Bxe4 Rxb5 49. Rxg6+ Kf8 50. Nh6 Rg7 51. Rd6 Rxb4 52. Bg6 Rb6 53. Rxd8+ 1/2-1/2

[Event "Hastings Premier 1987/88 63rd"]
[Site "Hastings"]
[Date "1988.01.01"]
[Round "4"]
[White "Chandler, Murray G"]
[Black "Short, Nigel D"]
[Result "0-1"]
[WhiteElo "2575"]
[BlackElo "2620"]
[PlyCount "78"]
[EventDate "1987.12.29"]
[EventType "tourn"]
[EventRounds "14"]
[EventCountry "ENG"]
[EventCategory "13"]
[SourceTitle "BritBase"]
[Source "John Saunders"]
[SourceDate "2024.12.03"]
[SourceVersion "1"]
[SourceVersionDate "2024.12.03"]
[SourceQuality "1"]

1. e4 e5 2. Nf3 Nc6 3. Bb5 a6 4. Ba4 Nf6 5. O-O Be7 6. Re1 b5 7. Bb3 d6 8. c3 O-O 9. h3 Nd7 10. d4 Bf6 11. a4 Bb7 12. axb5 axb5 13. Rxa8 Bxa8 14. d5 Ne7 15. Na3 Nc5 16. Bc2 c6 17. b4 Na6 18. dxc6 Bxc6 19. Nh2 g6 20. Ng4 Bg7 21. Nh6+ Kh8 22. Bb3 Be8 23. Qd3 Nc7 24. Rd1 Nc8 25. Qg3 f5 26. exf5 gxf5 27. Bg5 Qd7 28. h4 d5 29. Qf3 Nb6 30. Bc2 e4 31. Qe3 Qc6 32. Bb3 Bh5 33. Rc1 Nc4 34. Nxc4 dxc4 35. Bd1 Be8 36. Be2 Nd5 37. Qd2 Qe6 38. Kf1 Bc6 39. Bh5 e3 0-1

[Event "Hastings Premier 1987/88 63rd"]
[Site "Hastings"]
[Date "1988.01.12"]
[Round "4"]
[White "Davies, Nigel Rodney"]
[Black "Larsen, Bent"]
[Result "0-1"]
[WhiteElo "2460"]
[BlackElo "2570"]
[PlyCount "118"]
[EventDate "1987.12.29"]
[EventType "tourn"]
[EventRounds "14"]
[EventCountry "ENG"]
[EventCategory "13"]
[SourceTitle "BritBase"]
[Source "John Saunders"]
[SourceDate "2024.12.03"]
[SourceVersion "1"]
[SourceVersionDate "2024.12.03"]
[SourceQuality "1"]

1. e4 c5 2. d3 Nc6 3. g3 d5 4. Nd2 Nf6 5. Bg2 h6 6. Ne2 g5 7. exd5 Nxd5 8. O-O Bg4 9. Ne4 e6 10. h3 Bh5 11. c4 Ndb4 12. Be3 Rc8 13. a3 Na6 14. g4 Bg6 15. d4 cxd4 16. Nxd4 Bg7 17. Nb5 O-O 18. Ned6 Bxb2 19. Ra2 Be5 20. Rd2 Qf6 21. Nxc8 Rxc8 22. Rd7 Na5 23. Nxa7 Rxc4 24. Nb5 Nc5 25. Rd8+ Kh7 26. Ra8 Nc6 27. Nd6 Rc3 28. Nb5 Rd3 29. Qe2 Nd4 30. Nxd4 Bxd4 31. Bxd4 Qxd4 32. Re1 b6 33. Rb8 Rxa3 34. Rxb6 Nd3 35. Qe3 Qxe3 36. Rxe3 Ra1+ 37. Bf1 Nf4 38. Rd6 h5 39. Rd2 h4 40. Rd4 Kg7 41. Rd2 f5 42. Rb3 Kf6 43. Rc3 Rb1 44. Rdc2 Rd1 45. Rb2 fxg4 46. hxg4 Bd3 47. Rxd3 Nxd3 48. Rb3 Nf4 49. f3 h3 50. Rb2 Ke5 51. Rh2 Kd4 52. Kf2 Rd2+ 53. Kg3 Rxh2 54. Kxh2 Ke3 55. Kg3 e5 56. Ba6 h2 57. Kxh2 Kxf3 58. Bc8 Kf2 59. Bb7 Ne2 0-1

[Event "Hastings Premier 1987/88 63rd"]
[Site "Hastings"]
[Date "1988.01.03"]
[Round "5"]
[White "Short, Nigel D"]
[Black "Davies, Nigel Rodney"]
[Result "1/2-1/2"]
[WhiteElo "2620"]
[BlackElo "2460"]
[PlyCount "105"]
[EventDate "1987.12.29"]
[EventType "tourn"]
[EventRounds "14"]
[EventCountry "ENG"]
[EventCategory "13"]
[SourceTitle "BritBase"]
[Source "John Saunders"]
[SourceDate "2024.12.03"]
[SourceVersion "1"]
[SourceVersionDate "2024.12.03"]
[SourceQuality "1"]

1. e4 d6 2. d4 g6 3. Nf3 Bg7 4. h3 Nf6 5. Nc3 O-O 6. Be3 a6 7. a4 Nc6 8. a5 e5 9. dxe5 dxe5 10. Bc4 Qe7 11. O-O Rd8 12. Qb1 Be6 13. Bxe6 Qxe6 14. Ra4 h6 15. Qa2 Qxa2 16. Nxa2 Rd7 17. Nc1 Re8 18. Nd3 Bf8 19. Rfa1 Kg7 20. Kf1 Nh7 21. Nd2 Ng5 22. f3 Ne6 23. Nb3 f6 24. Rc4 Red8 25. Ke2 Bd6 26. g3 Rf7 27. h4 h5 28. Rd1 Rff8 29. c3 Kf7 30. Ra4 Rfe8 31. Nd2 Rd7 32. b4 Red8 33. Nb3 Bf8 34. Ra2 Ke8 35. Rad2 Be7 36. Bc5 Bd6 37. Bxd6 Rxd6 38. Ndc5 Rxd2+ 39. Rxd2 Rxd2+ 40. Kxd2 Ncd8 41. Ke3 Ke7 42. f4 exf4+ 43. gxf4 Kd6 44. Nxe6 Nxe6 45. f5 gxf5 46. exf5 Nd8 47. Ke4 Nc6 48. Nd2 Ne7 49. Nc4+ Kc6 50. Ne3 b6 51. Ng2 bxa5 52. bxa5 Nc8 53. Ne3 1/2-1/2

[Event "Hastings Premier 1987/88 63rd"]
[Site "Hastings"]
[Date "1988.01.04"]
[Round "6"]
[White "Davies, Nigel Rodney"]
[Black "Chandler, Murray G"]
[Result "0-1"]
[WhiteElo "2460"]
[BlackElo "2575"]
[PlyCount "96"]
[EventDate "1987.12.29"]
[EventType "tourn"]
[EventRounds "14"]
[EventCountry "ENG"]
[EventCategory "13"]
[SourceTitle "BritBase"]
[Source "John Saunders"]
[SourceDate "2024.12.03"]
[SourceVersion "1"]
[SourceVersionDate "2024.12.03"]
[SourceQuality "1"]

1. e4 c5 2. d3 Nc6 3. g3 d5 4. Nd2 Nf6 5. Bg2 e5 6. Ngf3 Be7 7. O-O O-O 8. a4 Qc7 9. exd5 Nxd5 10. c3 Bf5 11. Nc4 Rad8 12. Re1 f6 13. Nh4 Be6 14. Qe2 Qc8 15. a5 Rfe8 16. Qc2 Bf8 17. Qa4 Nde7 18. Be3 Nd5 19. Bc1 Kh8 20. Be3 Qd7 21. Nf3 Bf5 22. Red1 Bg4 23. Re1 Nc7 24. Nfd2 Be6 25. Qa3 Na6 26. Bf1 Bd5 27. Ne4 f5 28. Nxc5 Qf7 29. b4 f4 30. Ne4 fxe3 31. Rxe3 Nc7 32. Qb2 a6 33. Rae1 Ne6 34. Nb6 Bxe4 35. dxe4 Ng5 36. Bg2 Bd6 37. h4 Ne6 38. Rd3 Bb8 39. Nd5 Ba7 40. Rf3 Qd7 41. Re2 Rf8 42. Rd3 Qf7 43. Qd2 Qh5 44. Bh3 Ng5 45. hxg5 Qxh3 46. Qe1 Ne7 47. Red2 Nxd5 48. exd5 e4 0-1

[Event "Hastings Premier 1987/88 63rd"]
[Site "Hastings"]
[Date "1988.01.06"]
[Round "8"]
[White "Short, Nigel D"]
[Black "Larsen, Bent"]
[Result "1/2-1/2"]
[WhiteElo "2620"]
[BlackElo "2570"]
[PlyCount "84"]
[EventDate "1987.12.29"]
[EventType "tourn"]
[EventRounds "14"]
[EventCountry "ENG"]
[EventCategory "13"]
[SourceTitle "BritBase"]
[Source "John Saunders"]
[SourceDate "2024.12.03"]
[SourceVersion "1"]
[SourceVersionDate "2024.12.03"]
[SourceQuality "1"]

1. e4 c5 2. Nf3 Nc6 3. d4 cxd4 4. Nxd4 g6 5. c4 Bg7 6. Be3 Nf6 7. Nc3 Ng4 8. Qxg4 Nxd4 9. Qd1 Ne6 10. Rc1 Qa5 11. Be2 b6 12. O-O Bb7 13. f3 g5 14. Rf2 h5 15. Bf1 Qe5 16. Rd2 d6 17. Nd5 Kf8 18. b4 Bh6 19. Qb3 g4 20. Bxh6+ Rxh6 21. Qe3 Qg7 22. f4 h4 23. Be2 Rc8 24. Rf1 Bxd5 25. Rxd5 g3 26. h3 b5 27. cxb5 Qc3 28. Qxa7 Qxb4 29. b6 Nc5 30. e5 dxe5 31. Rxe5 Re6 32. Rxe6 fxe6 33. Kh1 Rd8 34. Qc7 Rd6 35. Qc8+ Kg7 36. Qe8 Ne4 37. Qxe7+ Kg8 38. Qxh4 Qxb6 39. Qg4+ Kf8 40. Qg6 Qd4 41. f5 Nf2+ 42. Rxf2 Qxf2 1/2-1/2

[Event "Hastings Premier 1987/88 63rd"]
[Site "Hastings"]
[Date "1988.01.08"]
[Round "9"]
[White "Larsen, Bent"]
[Black "Psakhis, Lev"]
[Result "1/2-1/2"]
[WhiteElo "2570"]
[BlackElo "2575"]
[PlyCount "101"]
[EventDate "1987.12.29"]
[EventType "tourn"]
[EventRounds "14"]
[EventCountry "ENG"]
[EventCategory "13"]
[SourceTitle "BritBase"]
[Source "John Saunders"]
[SourceDate "2024.12.03"]
[SourceVersion "1"]
[SourceVersionDate "2024.12.03"]
[SourceQuality "1"]

1. c4 c5 2. g3 g6 3. Bg2 Bg7 4. Nc3 Nc6 5. Nf3 e6 6. O-O Nge7 7. d3 O-O 8. Bg5 h6 9. Bd2 d5 10. a3 b6 11. Rb1 Bb7 12. b4 cxb4 13. axb4 dxc4 14. dxc4 Rc8 15. c5 bxc5 16. bxc5 Na5 17. Nb5 Rxc5 18. Qa4 a6 19. Bxa5 Qe8 20. Qa3 Rxb5 21. Rxb5 axb5 22. Bb4 Bf6 23. Rd1 Bxf3 24. Qxf3 Kg7 25. Qb7 Rh8 26. Rd7 Nf5 27. Bc6 h5 28. Rc7 Qg8 29. Bd7 Qb8 30. Bxe6 Qxb7 31. Rxb7 Nh6 32. Bd5 Rd8 33. Rxb5 Rd7 34. e4 Ng4 35. h3 Ne5 36. f4 Nd3 37. Bd2 Bd4+ 38. Kg2 Rc7 39. Rb3 Nc1 40. Rb4 Rc2 41. Rxd4 Ne2 42. Rd3 Nc1 43. Ra3 Rxd2+ 44. Kf1 h4 45. gxh4 Nd3 46. Bc4 Nc5 47. Ra7 Nxe4 48. Rxf7+ Kh6 49. Be6 Ng3+ 50. Kg1 Ne2+ 51. Kf1 1/2-1/2

[Event "Hastings Premier 1987/88 63rd"]
[Site "Hastings"]
[Date "1988.01.09"]
[Round "10"]
[White "Chandler, Murray G"]
[Black "Larsen, Bent"]
[Result "0-1"]
[WhiteElo "2575"]
[BlackElo "2570"]
[PlyCount "128"]
[EventDate "1987.12.29"]
[EventType "tourn"]
[EventRounds "14"]
[EventCountry "ENG"]
[EventCategory "13"]
[SourceTitle "BritBase"]
[Source "John Saunders"]
[SourceDate "2024.12.03"]
[SourceVersion "1"]
[SourceVersionDate "2024.12.03"]
[SourceQuality "1"]

1. e4 c5 2. Nf3 Nc6 3. d4 cxd4 4. Nxd4 g6 5. c4 Bg7 6. Be3 Nf6 7. Nc3 Ng4 8. Qxg4 Nxd4 9. Qd1 Ne6 10. Rc1 b6 11. Bd3 Nc5 12. Bb1 d6 13. b4 Nd7 14. Bd4 Bxd4 15. Qxd4 O-O 16. O-O Ba6 17. Nd5 Rc8 18. Rfd1 Bb7 19. h3 Re8 20. Qb2 Bc6 21. f4 e5 22. c5 dxc5 23. Ne3 Qe7 24. b5 Ba8 25. Ng4 Kg7 26. Rd2 c4 27. Qc3 h5 28. Ne3 Nf6 29. Nxc4 exf4 30. Kh1 Kh7 31. e5 Nd5 32. Qf3 Ne3 33. Qxf4 Nxc4 34. Rxc4 Rxc4 35. Qxc4 Kg7 36. Rf2 Rd8 37. Bc2 Bd5 38. Qc3 Be6 39. Bb3 Rc8 40. Qd4 Bxb3 41. axb3 Qc5 42. Qd7 Qxf2 43. Qxc8 Qe1+ 44. Kh2 Qxe5+ 45. Kh1 Qxb5 46. Qc3+ Kh7 47. b4 a5 48. Qc7 Qf5 49. bxa5 bxa5 50. Qc4 Kg8 51. Qd4 Qb5 52. Qd8+ Kg7 53. Qd4+ Kh7 54. g4 Qb3 55. Kg2 h4 56. Qf6 Qg3+ 57. Kf1 Qxh3+ 58. Ke1 Qe3+ 59. Kf1 Qd3+ 60. Kf2 Qd2+ 61. Kf1 Kg8 62. Qxh4 g5 63. Qh3 a4 64. Kg1 Qb4 0-1

[Event "Hastings Premier 1987/88 63rd"]
[Site "Hastings"]
[Date "1988.01.10"]
[Round "11"]
[White "Psakhis, Lev"]
[Black "Speelman, Jonathan S"]
[Result "0-1"]
[WhiteElo "2575"]
[BlackElo "2615"]
[PlyCount "78"]
[EventDate "1987.12.29"]
[EventType "tourn"]
[EventRounds "14"]
[EventCountry "ENG"]
[EventCategory "13"]
[SourceTitle "BritBase"]
[Source "John Saunders"]
[SourceDate "2024.12.03"]
[SourceVersion "1"]
[SourceVersionDate "2024.12.03"]
[SourceQuality "1"]

1. d4 d5 2. c4 dxc4 3. Nf3 c5 4. d5 e6 5. Nc3 exd5 6. Qxd5 Qxd5 7. Nxd5 Bd6 8. Nd2 Ne7 $5 9. Nxc4 Nxd5 10. Nxd6+ Ke7 11. Nxc8+ Rxc8 12. g3 Nc6 13. Bg2 Rd8 14. Bg5+ $5 f6 15. Bd2 Rd6 16. O-O Rad8 17. Rfc1 b6 {(Black offered a draw)} 18. Kf1 a5 19. Be1 g6 20. Rab1 Ndb4 21. a3 Na2 $6 22. Rc4 Nd4 23. b3 (23. Ra1 $1) 23... Nb5 24. Rb2 Nac3 25. a4 Nd1 26. Rb1 Na3 27. Rcc1 Nxb1 28. Rxb1 f5 29. Bb7 g5 30. Ba6 f4 31. Bd3 $2 Rxd3 32. exd3 Rxd3 33. Ke2 Rd5 34. gxf4 gxf4 35. Rc1 Nb2 36. Bc3 {(White offered a draw)} Nd3 37. Rg1 Nb4 38. Rg7+ $2 Kf8 39. Bb2 Rd3 {Source: Jon Speelman's Best Games by Jon Speelman (Batsford, 1997), p144} 0-1

[Event "Hastings Premier 1987/88 63rd"]
[Site "Hastings"]
[Date "1988.01.11"]
[Round "12"]
[White "Davies, Nigel Rodney"]
[Black "Short, Nigel D"]
[Result "0-1"]
[WhiteElo "2460"]
[BlackElo "2620"]
[PlyCount "80"]
[EventDate "1987.12.29"]
[EventType "tourn"]
[EventRounds "14"]
[EventCountry "ENG"]
[EventCategory "13"]
[SourceTitle "BritBase"]
[Source "John Saunders"]
[SourceDate "2024.12.03"]
[SourceVersion "1"]
[SourceVersionDate "2024.12.03"]
[SourceQuality "1"]

1. e4 e5 2. Nf3 Nc6 3. Bb5 a6 4. Ba4 Nf6 5. Qe2 d6 6. c3 b5 7. Bb3 Be7 8. O-O O-O 9. a4 Bg4 10. h3 Bxf3 11. Qxf3 Na5 12. Bc2 b4 13. d4 c5 14. dxe5 dxe5 15. Nd2 Qc7 16. Qe2 bxc3 17. bxc3 c4 18. Rd1 Rfd8 19. Rb1 Qc6 20. Nf3 Rxd1+ 21. Qxd1 Rd8 22. Qe2 Nd7 23. Be3 f6 24. Nd2 Qe6 25. Bd1 Nc5 26. Bxc5 Bxc5 27. Nxc4 Nxc4 28. Bb3 Rc8 29. a5 Kf8 30. Ra1 Bxf2+ 31. Qxf2 Qc6 32. Qf5 g6 33. Qg4 Rd8 34. Rf1 Ne3 35. Bd5 Nxd5 36. exd5 Rxd5 37. Rb1 Rxa5 38. Kh1 Rb5 39. Rd1 Rb7 40. c4 Kg7 0-1

[Event "Hastings Premier 1987/88 63rd"]
[Site "Hastings"]
[Date "1988.01.11"]
[Round "12"]
[White "Speelman, Jonathan S"]
[Black "Benjamin, Joel"]
[Result "1-0"]
[WhiteElo "2615"]
[BlackElo "2575"]
[PlyCount "73"]
[EventDate "1987.12.29"]
[EventType "tourn"]
[EventRounds "14"]
[EventCountry "ENG"]
[EventCategory "13"]
[SourceTitle "BritBase"]
[Source "John Saunders"]
[SourceDate "2024.12.03"]
[SourceVersion "1"]
[SourceVersionDate "2024.12.03"]
[SourceQuality "1"]

1. Nf3 Nf6 2. c4 e6 3. Nc3 Bb4 4. e3 O-O 5. Be2 Bxc3 6. bxc3 d6 7. O-O e5 8. Ne1 Nbd7 9. f3 Ne8 10. e4 f5 11. exf5 Rxf5 12. d4 Rf8 13. Be3 Nef6 14. c5 exd4 15. cxd4 Nd5 16. Bc4 N7f6 17. Bg5 dxc5 18. dxc5 Be6 19. Qb3 h6 20. Bh4 b6 21. Nd3 c6 22. Rfe1 Bf7 23. Qb2 bxc5 24. Ne5 Qb6 25. Qc1 Be8 26. Rb1 Qa5 27. Rb7 Kh8 28. Bf2 Rd8 29. Bb3 Qa6 30. Qxc5 Rg8 31. Rxa7 Qb5 32. Qxb5 cxb5 33. Rd1 Rc8 34. h3 Nc3 35. Rd2 Rf8 36. Be6 Nb1 37. Bxc8 1-0

[Event "Hastings Premier 1987/88 63rd"]
[Site "Hastings"]
[Date "1988.01.12"]
[Round "13"]
[White "Chandler, Murray G"]
[Black "Davies, Nigel Rodney"]
[Result "1-0"]
[WhiteElo "2575"]
[BlackElo "2460"]
[PlyCount "79"]
[EventDate "1987.12.29"]
[EventType "tourn"]
[EventRounds "14"]
[EventCountry "ENG"]
[EventCategory "13"]
[SourceTitle "BritBase"]
[Source "John Saunders"]
[SourceDate "2024.12.03"]
[SourceVersion "1"]
[SourceVersionDate "2024.12.03"]
[SourceQuality "1"]

1. e4 d6 2. d4 g6 3. Nc3 Bg7 4. Be3 a6 5. Qd2 Nd7 6. f3 b5 7. a4 b4 8. Nd1 Rb8 9. Nh3 c5 10. a5 cxd4 11. Bxd4 Ngf6 12. Be2 O-O 13. O-O Qc7 14. Nhf2 Nc5 15. b3 e5 16. Bb2 Be6 17. Ne3 Rfd8 18. Nd3 Qa7 19. Nxc5 dxc5 20. Bd3 c4 21. bxc4 Bh6 22. Rae1 Nd7 23. Qf2 b3 24. Nd5 Qxf2+ 25. Rxf2 Bf8 26. Kf1 bxc2 27. Rxc2 Rb3 28. Be2 Rdb8 29. Bc3 R8b7 30. c5 Bxc5 31. Bxa6 Ra7 32. Bc8 Bxd5 33. exd5 Rxc3 34. Rxc3 Bb4 35. Rc6 Bxe1 36. Kxe1 Kf8 37. d6 Nf6 38. a6 Nd5 39. d7 Ke7 40. Rd6 1-0

[Event "Hastings Premier 1987/88 63rd"]
[Site "Hastings"]
[Date "1988.01.14"]
[Round "14"]
[White "Psakhis, Lev"]
[Black "Davies, Nigel Rodney"]
[Result "1-0"]
[WhiteElo "2575"]
[BlackElo "2460"]
[PlyCount "113"]
[EventDate "1987.12.29"]
[EventType "tourn"]
[EventRounds "14"]
[EventCountry "ENG"]
[EventCategory "13"]
[SourceTitle "BritBase"]
[Source "John Saunders"]
[SourceDate "2024.12.03"]
[SourceVersion "1"]
[SourceVersionDate "2024.12.03"]
[SourceQuality "1"]

1. e4 d6 2. d4 g6 3. Nf3 Bg7 4. Nc3 Nf6 5. Be2 O-O 6. O-O c5 7. d5 Na6 8. h3 Nc7 9. a4 b6 10. Bf4 a6 11. Qd2 Bb7 12. Rfe1 Qd7 13. Rab1 b5 14. b4 a5 15. bxc5 b4 16. Qe3 dxc5 17. Ne5 Qc8 18. Nc4 bxc3 19. Nb6 Qd8 20. Nxa8 Bxa8 21. Qxc5 Ncxd5 22. exd5 Qxd5 23. Qxd5 Nxd5 24. Bg3 Nb4 25. Bd1 Bc6 26. Be5 Bxa4 27. Bxg7 Kxg7 28. Rxe7 Bxc2 29. Bxc2 Nxc2 30. Rc7 Nd4 31. Rd1 Rd8 32. Kf1 Ne6 33. Rxd8 Nxc7 34. Rc8 Nb5 35. Rc5 Nd4 36. Rxc3 Kf6 37. Rc5 Nb3 38. Rb5 a4 39. Rb4 Nc5 40. Rc4 Ne6 41. Rxa4 h5 42. h4 Kf5 43. Ke2 Ke5 44. Ke3 Kf5 45. Ra5+ Kf6 46. Ke4 Kg7 47. Ke5 Nf8 48. Rd5 Nh7 49. Rd6 Nf8 50. f4 f6+ 51. Ke4 Nh7 52. Rd7+ Kh6 53. f5 g5 54. g3 gxh4 55. gxh4 Nf8 56. Rf7 Nd7 57. Kf4 1-0

[Event "Hastings Challengers 1987/88"]
[Site "Hastings"]
[Date "1987.12.29"]
[Round "1"]
[White "Hennigan, Michael T"]
[Black "Flear, Glenn C"]
[Result "0-1"]
[WhiteElo "2330"]
[BlackElo "2495"]
[PlyCount "138"]
[EventDate "1987.12.29"]
[EventType "swiss"]
[EventRounds "10"]
[EventCountry "ENG"]
[SourceTitle "BritBase"]
[Source "John Saunders"]
[SourceDate "2024.12.03"]
[SourceVersion "1"]
[SourceVersionDate "2024.12.03"]
[SourceQuality "1"]

1. e4 e5 2. Nf3 Nc6 3. Bb5 a6 4. Ba4 Nf6 5. O-O Bc5 6. c3 Bb6 7. d4 Nxe4 8. Re1 f5 9. Nbd2 O-O 10. Nxe4 fxe4 11. Bg5 Qe8 12. Rxe4 d6 13. Be3 Qg6 14. Bc2 Bg4 15. Rf4 Qh5 16. Bxh7+ Kh8 17. Rxf8+ Rxf8 18. Be4 exd4 19. cxd4 d5 20. h3 Bc8 21. Bd3 Bxh3 22. Nh2 Qxd1+ 23. Rxd1 Bf5 24. Bxf5 Rxf5 25. f3 Kg8 26. g4 Rf8 27. Kg2 Re8 28. Nf1 a5 29. b3 a4 30. Kf2 axb3 31. axb3 Ra8 32. Ng3 Ra2+ 33. Ne2 Rb2 34. Rd3 Na5 35. b4 Rxb4 36. f4 Rb3 37. Rxb3 Nxb3 38. f5 Kf7 39. Kf3 c6 40. g5 Bc7 41. g6+ Kg8 42. Bf4 Bxf4 43. Kxf4 Kf8 44. Ke5 Ke7 45. Ng3 Nc1 46. Kf4 b5 47. Kg5 b4 48. Nh5 Ne2 49. Nxg7 Nxd4 50. f6+ Kf8 51. Nh5 b3 52. Nf4 b2 53. g7+ Kg8 54. Ng6 Ne6+ 55. Kh6 b1=Q 56. Ne7+ Kf7 57. g8=Q+ Kxf6 58. Nxd5+ Ke5 59. Ne7 Qc1+ 60. Kg6 Qg5+ 61. Kf7 Qf6+ 62. Ke8 Ng7+ 63. Kd8 Qd6+ 64. Kc8 Qxe7 65. Qh7 Nf5 66. Qh2+ Kf6 67. Qb2+ Kf7 68. Kb8 Nd6 69. Qf2+ Ke8 0-1

[Event "Hastings Challengers 1987/88"]
[Site "Hastings"]
[Date "1987.12.29"]
[Round "1"]
[White "Plaskett, H James"]
[Black "Timmer, Robert"]
[Result "1-0"]
[WhiteElo "2460"]
[BlackElo "2315"]
[PlyCount "85"]
[EventDate "1987.12.29"]
[EventType "swiss"]
[EventRounds "10"]
[EventCountry "ENG"]
[SourceTitle "BritBase"]
[Source "John Saunders"]
[SourceDate "2024.12.03"]
[SourceVersion "1"]
[SourceVersionDate "2024.12.03"]
[SourceQuality "1"]

1. c4 e6 2. d4 Nf6 3. Nc3 d5 4. Nf3 Be7 5. e3 O-O 6. Bd3 c5 7. O-O Nc6 8. cxd5 Nxd5 9. Qe2 cxd4 10. exd4 Ndb4 11. Be4 Nxd4 12. Nxd4 Qxd4 13. Bf4 f5 14. Rad1 Qf6 15. Bf3 Nc6 16. Bxc6 bxc6 17. Qc4 g5 18. Bc7 a5 19. Rfe1 Bb4 20. Qxc6 Ra7 21. a3 Bxc3 22. bxc3 Qf7 23. Bd8 Bd7 24. Qb6 Ra8 25. Bxg5 Rfc8 26. Re3 Rc4 27. Rg3 Rg4 28. Rxg4 fxg4 29. Qb7 Rf8 30. Be3 Bc8 31. Qa8 Qf5 32. c4 Bd7 33. Qb7 Ba4 34. Re1 Bc2 35. Qb2 h5 36. Qd4 h4 37. Bh6 Rf6 38. Re5 Qd3 39. Qxg4+ Rg6 40. Rg5 Kh7 41. Rxg6 Qxg6 42. Bg5 Qd3 43. Qh5+ 1-0

[Event "Hastings Challengers 1987/88"]
[Site "Hastings"]
[Date "1987.12.30"]
[Round "2"]
[White "Dunnington, Angus J"]
[Black "Gallagher, Joseph G"]
[Result "1-0"]
[WhiteElo "2285"]
[BlackElo "2340"]
[PlyCount "69"]
[EventDate "1987.12.29"]
[EventType "swiss"]
[EventRounds "10"]
[EventCountry "ENG"]
[SourceTitle "BritBase"]
[Source "John Saunders"]
[SourceDate "2024.12.03"]
[SourceVersion "1"]
[SourceVersionDate "2024.12.03"]
[SourceQuality "1"]

1. d4 Nf6 2. c4 g6 3. Nc3 Bg7 4. e4 d6 5. f4 O-O 6. Nf3 c5 7. dxc5 Qa5 8. Bd3 Qxc5 9. Qe2 Nc6 10. Be3 Qa5 11. O-O Bg4 12. Rac1 Nd7 13. Qf2 Bxf3 14. gxf3 Rac8 15. Kh1 a6 16. Rfd1 b5 17. Nd5 b4 18. b3 Nc5 19. Bb1 e6 20. Nb6 Rcd8 21. e5 Nb7 22. Na4 Qc7 23. Bb6 Qe7 24. Bxd8 Ncxd8 25. exd6 Nxd6 26. Qb6 Nf5 27. c5 Qh4 28. Bxf5 exf5 29. c6 Qxf4 30. Qf2 Be5 31. Rc4 Qg5 32. c7 Bxc7 33. Rxc7 Ne6 34. Rc4 a5 35. Nc5 1-0

[Event "Hastings Challengers 1987/88"]
[Site "Hastings"]
[Date "1987.12.30"]
[Round "2"]
[White "Flear, Glenn C"]
[Black "Stefansson, Hannes"]
[Result "1/2-1/2"]
[WhiteElo "2495"]
[BlackElo "2335"]
[PlyCount "63"]
[EventDate "1987.12.29"]
[EventType "swiss"]
[EventRounds "10"]
[EventCountry "ENG"]
[SourceTitle "BritBase"]
[Source "John Saunders"]
[SourceDate "2024.12.03"]
[SourceVersion "1"]
[SourceVersionDate "2024.12.03"]
[SourceQuality "1"]

1. d4 Nf6 2. c4 e6 3. Nf3 c5 4. d5 exd5 5. cxd5 d6 6. Nc3 g6 7. Bf4 a6 8. e4 Bg7 9. Qa4+ Bd7 10. Qb3 b5 11. Bxd6 b4 12. e5 bxc3 13. exf6 cxb2 14. Qxb2 Bxf6 15. Be5 Bxe5 16. Qxe5+ Qe7 17. O-O-O Qxe5 18. Nxe5 O-O 19. Bc4 Bb5 20. Rhe1 Rd8 21. Bb3 Kf8 22. d6 Ra7 23. Re3 Nc6 24. a4 Nxe5 25. Rxe5 c4 26. axb5 cxb3 27. Kb2 axb5 28. Kxb3 Ra6 29. Red5 Ke8 30. Re5+ Kf8 31. Red5 Ke8 32. Re5+ 1/2-1/2

[Event "Hastings Challengers 1987/88"]
[Site "Hastings"]
[Date "1987.12.30"]
[Round "2"]
[White "Wahls, Matthias"]
[Black "Hansen, Mads Smith"]
[Result "1-0"]
[WhiteElo "2440"]
[BlackElo "2305"]
[PlyCount "85"]
[EventDate "1987.12.29"]
[EventType "swiss"]
[EventRounds "10"]
[EventCountry "ENG"]
[SourceTitle "BritBase"]
[Source "John Saunders"]
[SourceDate "2024.12.03"]
[SourceVersion "1"]
[SourceVersionDate "2024.12.03"]
[SourceQuality "1"]

1. e4 c6 2. d4 d5 3. exd5 cxd5 4. c4 Nf6 5. Nc3 g6 6. Qb3 Bg7 7. cxd5 O-O 8. Be2 Na6 9. Bg5 Qb6 10. Qxb6 axb6 11. d6 exd6 12. Nf3 Nb4 13. O-O Be6 14. Nb5 Ne4 15. Be7 Rfc8 16. Nxd6 Nxd6 17. Bxd6 Nc2 18. Rad1 Rxa2 19. d5 Bf5 20. Be5 Bxe5 21. Nxe5 Re8 22. Bc4 Rxb2 23. g4 b5 24. gxf5 bxc4 25. d6 Rd8 26. d7 Rb5 27. Nxc4 Rb4 28. Ne5 Re4 29. Rd5 f6 30. Nf3 Re7 31. Rc1 Nb4 32. Rc8 Nc6 33. Nd4 Rexd7 34. Rxd8+ Rxd8 35. Nxc6 Rxd5 36. Ne7+ Kf7 37. Nxd5 gxf5 38. Kf1 Ke6 39. Nb6 Kd6 40. Ke2 Kc6 41. Nc8 Kd7 42. Na7 Kd6 43. Ke3 1-0